| 000 | 00597nam a2200241 a 4500 | ||
|---|---|---|---|
| 001 | 0001-1360 | ||
| 003 | ELIB.Books | ||
| 008 | 151028 2010 eng | ||
| 020 | _a0060608145 | ||
| 035 | _a(ELIB.Books)0001-1515 | ||
| 092 |
_a232 _bBor |
||
| 100 | _aBorg, Marcus J. | ||
| 245 | _aJesus A New Version | ||
| 260 |
_aNew York _bHarper SanFrancisco _c1991 |
||
| 300 |
_a216 _c20 5 Cm |
||
| 500 | _aC/o Par Si Thu | ||
| 650 | _aJesus Christ | ||
| 856 |
_nKBTS: Library _uKBTS: Elib |
||
| 942 |
_2ddc _cBK |
||
| 990 | _a1 | ||
| 998 |
_cbat _e2015-10-28 |
||
| 999 |
_c11360 _d11360 |
||